Movies Quiz

Random Movies or Disney Quiz

Disney Renaissance Characters: Part I Quiz Stats

Quiz not verified by Sporcle

Challenge
Share
Tweet
Embed
Score 0/40 Timer 07:00
0 Plays Today
Movie Character % Correct
The Little Mermaid (1989)Ariel
97.9%
The Little Mermaid (1989)Eric
94.3%
The Little Mermaid (1989)Flounder
92.7%
The Little Mermaid (1989)Sebastian
92.4%
Beauty and the Beast (1991)Belle
91.8%
Aladdin (1992)Aladdin
91.5%
The Little Mermaid (1989)King Triton
91.3%
The Little Mermaid (1989)Ursula
91.1%
Beauty and the Beast (1991)The Beast
90.8%
Aladdin (1992)Jasmine
90.8%
Aladdin (1992)Jafar
89.7%
Beauty and the Beast (1991)Gaston
88.1%
Aladdin (1992)Genie
87.6%
Aladdin (1992)Abu
86.5%
Beauty and the Beast (1991)Cogsworth
85.6%
Beauty and the Beast (1991)Mrs. Potts
85.4%
Beauty and the Beast (1991)Lumiere
84%
Beauty and the Beast (1991)Chip
83.8%
Aladdin (1992)Iago
80.1%
Aladdin (1992)The Sultan
79.2%
Movie Character % Correct
Aladdin (1992)The Magic Carpet
77.6%
Beauty and the Beast (1991)Maurice
74.1%
The Little Mermaid (1989)Scuttle
73.9%
The Little Mermaid (1989)Flotsam and Jetsam
73%
Beauty and the Beast (1991)Le Fou
70.3%
The Rescuers Down Under (1990)Bianca
65.7%
Aladdin (1992)Rajah
65.2%
The Rescuers Down Under (1990)Bernard
63.2%
The Little Mermaid (1989)Grimsby
59.4%
The Rescuers Down Under (1990)Cody
49.4%
The Rescuers Down Under (1990)Percival McLeach
48.1%
Aladdin (1992)Razoul
46.5%
The Rescuers Down Under (1990)Joanna
46.2%
The Rescuers Down Under (1990)Jake
41.6%
The Little Mermaid (1989)Chef Louie
41.4%
Beauty and the Beast (1991)Fifi
41%
The Rescuers Down Under (1990)Wilbur
39.4%
The Rescuers Down Under (1990)Frank
30.7%
The Rescuers Down Under (1990)Marahute
30.2%
The Rescuers Down Under (1990)Sparky
20.5%

You're not logged in!

Compare scores with friends on all Sporcle quizzes.
Join for Free
OR
Log In

You Might Also Like...

Show Comments

Extras

Top Quizzes Today


Score Distribution

Your Account Isn't Verified!

In order to create a playlist on Sporcle, you need to verify the email address you used during registration. Go to your Sporcle Settings to finish the process.

Report this User

Report this user for behavior that violates our Community Guidelines.

Details: